| 000 | 01108cab a2200325 4500 | ||
|---|---|---|---|
| 001 | ABS50293 | ||
| 008 | 090401t1994 xxu||||| |||| 00| 0 eng d | ||
| 035 | _a(Sirsi) u75118 | ||
| 041 | _aeng | ||
| 100 | _aPhillips, V. | ||
| 245 | 4 | _aThe Cambridge Water Company case and the future role of the common law in environmental disputes | |
| 260 | _c1994 | ||
| 350 | _a0 | ||
| 490 |
_aEnvironmental Policy and Practice _v3(4) February 1994, 255-260(6) |
||
| 520 | _aPart 2 of an article on "Cambridge Water Co Ltd v Eastern Counties Leather" discusses the HL decision in response to common law questions raised in Part 1 (Abs49791). | ||
| 650 | _aCAMBRIDGE WATER CO LTD V EASTERN COUNTIES LEATHER PLC (HL) | ||
| 650 | _aCIVIL LIABILITY | ||
| 650 | _aCOMMON LAW | ||
| 650 |
_aContamination _96231 |
||
| 650 | _aENVIRONMENTAL POLLUTION | ||
| 650 | _aHISTORIC POLLUTION | ||
| 650 | _aLIABILITY | ||
| 650 | _aNEGLIGENCE | ||
| 650 | _aPOLLUTION | ||
| 650 | _aRYLANDS V FLETCHER | ||
| 690 | _aENVIRONMENTAL AND LAND CONSULTANCY | ||
| 700 | _aRenger, M. | ||
| 942 | _n0 | ||
| 948 | _c04/03/1997 | ||
| 999 |
_c47325 _d47325 |
||